000
00330nam a2200145Ia 4500
008
220928s9999 xx 000 0 und d
082
_b
RAJ
100
_a
RAJASTHANI, EKRAM
245
0
_a
GEETAN RO RAMJHOL
260
_b
SANGHI PRAKASHAN, JAIPUR
_c
1987
300
_a
101
650
_a
General
942
_c
BK
999
_c
208267
_d
208267
041
_a
HINDI